|
|
|
|
| LEADER |
00000nam a2200000 4500 |
| 001 |
vtls011924430 |
| 003 |
SK-MaSNL |
| 005 |
20260301145222.0 |
| 008 |
210223s2020 xo f 100 0 eng |
| 015 |
|
|
|a SNBA2020/08
|
| 020 |
|
|
|a 9788055221458
|q (brožované)
|
| 035 |
|
|
|a urn:nbn:sk:snk-am00enkx
|
| 035 |
|
|
|a urn:nbn:sk:snk-am3iktl
|
| 035 |
|
|
|a 3C15F0F5-22F2-47BC-A7C2-A569D6641707
|
| 040 |
|
|
|a SNK
|b slo
|c SNK
|e rda
|
| 041 |
0 |
|
|a eng
|
| 044 |
|
|
|a xo
|c SK
|
| 072 |
|
7 |
|a 60
|x Biotechnológie. Genetické inžinierstvo
|2 konspekt
|
| 080 |
|
|
|a 60:59
|2 2011
|
| 080 |
|
|
|a (062.534)
|2 2011
|
| 080 |
|
|
|a (048.3)
|2 2011
|
| 111 |
2 |
|
|a Animal Biotechnology
|d (2020 :
|c Nitra, Slovakia)
|4 aut
|9 504707
|
| 245 |
1 |
0 |
|a Proceeding of the Winter School Animal Biotechnology 2020
|b programme and abstracts : February 6th, 2020, Nitra, SUA in Nitra, Slovakia
|c editors Peter Chrenek
|
| 250 |
|
|
|a First edition
|
| 264 |
|
1 |
|a Nitra
|b Slovak University of Agriculture in Nitra
|c 2020
|
| 300 |
|
|
|a 57 strán
|c 24 cm
|
| 336 |
|
|
|a text
|b txt
|2 rdacontent
|
| 337 |
|
|
|a bez média
|b n
|2 rdamedia
|
| 338 |
|
|
|a zväzok
|b nc
|2 rdacarrier
|
| 366 |
|
|
|e 80 kusov
|
| 650 |
0 |
7 |
|a živočíšna biotechnológia
|2 SNKPH
|9 157778
|
| 650 |
0 |
7 |
|a Animal biotechnology
|2 SNKPHeng
|9 504708
|
| 655 |
|
7 |
|a zborníky konferencií
|2 SNKPH
|9 70153
|
| 655 |
|
7 |
|a abstrakty
|2 SNKPH
|9 22516
|
| 655 |
|
7 |
|a Proceedings of conferences
|2 SNKPHeng
|9 265791
|
| 655 |
|
7 |
|a Abstracts
|2 SNKPHeng
|9 275616
|
| 700 |
1 |
|
|a Chrenek, Peter,
|d 1969-
|4 edt
|9 200419
|
| 919 |
|
|
|a 978-80-552-2145-8
|
| 999 |
|
|
|c 779461
|d 781391
|
| 952 |
|
|
|a SNK
|b SNK
|y PREZ
|7 0
|p 17A1424760
|o snkSC 188323
|i snk2020/6667
|8 0
|0 0
|1 0
|4 0
|d 2020-03-16
|f 1
|l 0
|r 2025-10-06 00:00:00
|w 2026-02-24
|
| 952 |
|
|
|a SNK
|b SNK
|y VYP
|7 0
|p 17A1424761
|o snkSC 188323 D1
|i snk2020/6668
|8 0
|0 0
|1 0
|4 0
|d 2020-03-16
|l 0
|r 2026-02-24 01:00:39
|w 2026-02-24
|